00532nam a2200157Ia 450000500170000000800410001708200130005810000280007124500330009926000570013230000160018950000510020594200060025695200970026299900150035920250522012552.0240331s9999 xx 000 0 und d bPENa302 aMuslim Women's Research 0aPenKalum thodarpoodahankalum aColombobMuslim Women's Research Action Frontc1991 ax, 111 p ., aTamilil Eluthum Pen Eluthalarkalukaana Karuthu cL 001040708LaWERCLbWERCLcSSCd2024-03-31l0o 302.23 PENp794r2024-03-31w2024-03-31yL c1470d1470